Huzoor Main Aapka Namak Khata Hu (Record no. 10735)

MARC details
000 -LEADER
fixed length control field 00372nam a22001577a 4500
003 - CONTROL NUMBER IDENTIFIER
control field OSt
008 - FIXED-LENGTH DATA ELEMENTS--GENERAL INFORMATION
fixed length control field 210723b ||||| |||| 00| 0 eng d
020 ## - INTERNATIONAL STANDARD BOOK NUMBER
International Standard Book Number 9789386221797
082 ## - DEWEY DECIMAL CLASSIFICATION NUMBER
Classification number 822 KHH
100 ## - MAIN ENTRY--PERSONAL NAME
Personal name KHANNA,Shivnarayan
245 ## - TITLE STATEMENT
Title Huzoor Main Aapka Namak Khata Hu
260 ## - PUBLICATION, DISTRIBUTION, ETC. (IMPRINT)
Place of publication, distribution, etc New Delhi
Name of publisher, distributor, etc Manakin Press
Date of publication, distribution, etc 2017
300 ## - PHYSICAL DESCRIPTION
Extent 57
650 ## - SUBJECT ADDED ENTRY--TOPICAL TERM
Topical term or geographic name as entry element MBA
942 ## - ADDED ENTRY ELEMENTS (KOHA)
Source of classification or shelving scheme Dewey Decimal Classification
Koha item type Text Books
Holdings
Withdrawn status Lost status Source of classification or shelving scheme Damaged status Not for loan Collection code Home library Current library Date acquired Source of acquisition Currency Cost, normal purchase price Bill Number Total Checkouts Full call number Acc. no. / Barcode Date last seen Actual Cost, discounted price Bill Date Koha item type Public note
    Dewey Decimal Classification     GENERAL PIET C-LIBRARY PIET C-LIBRARY 08/07/2021 Techniz Book International IN Rupees 225.00 INT/212210093   822 KHH 33114 23/07/2021 168.50 08/07/2021 Text Books  
    Dewey Decimal Classification     GENERAL PIET C-LIBRARY PIET C-LIBRARY 08/07/2021 Techniz Book International IN Rupees 225.00 INT/212210093   822 KHH 33115 23/07/2021 168.50 08/07/2021 Text Books Stories and Novels

Design & Developed by: PIET Central Library
R70 Miles Stone Pattikalyana Samalkha Panipat 132102
mail ID :- [email protected], Phone No:- 0180-2569700 Ex.216